|
|
|
|
| LEADER |
01156nam a2200277 a 4500 |
| 001 |
565221 |
| 008 |
090719r20031999njua j 000 1 eng d |
| 010 |
|
|
|a 89033888
|
| 020 |
|
|
|a 8125906193
|
| 040 |
|
|
|a DLC
|c DLC
|d DLC
|
| 082 |
0 |
0 |
|a 813/.52
|2 20
|
| 100 |
1 |
|
|a James, Raymond.
|
| 245 |
1 |
4 |
|a The Swiss family Robinson /
|c Johann Wyss
|
| 260 |
|
|
|a India :
|b Madhuban educational books,
|c c1999[reprinted 2003].
|
| 300 |
|
|
|a 168 p. :
|b ill. ;
|c 29 cm.
|
| 490 |
0 |
|
|a Madhuban Abridged classics
|
| 541 |
1 |
|
|e 00010065
|
| 520 |
|
|
|a Relates the fortunes of a shipwrecked family as they imaginatively adapt to life on an island with abundant animal and plant life.
|
| 650 |
|
1 |
|a Survival
|x Fiction.
|
| 650 |
|
1 |
|a Family life
|x Fiction.
|
| 650 |
|
1 |
|a Islands
|x Fiction.
|
| 700 |
1 |
|
|a Wyss, Johann David,
|d 1743-1818.
|t Schweizerische Robinson.
|
| 700 |
1 |
|
|a Beier, Ellen,
|e ill.
|
| 852 |
4 |
|
|a Ayesha Abed Library
|j General Shelf.
|
| 999 |
|
|
|c 2764
|d 2764
|
| 952 |
|
|
|0 0
|1 0
|2 ddc
|4 0
|6 813_520000000000000_JAM_1999
|7 0
|9 2538
|a BRACUL
|b BRACUL
|c GEN
|d 2009-07-23
|g 0.00
|l 8
|m 47
|o 813.52 JAM
|p 3010010065
|r 2019-04-18
|s 2018-09-18
|t 1
|w 2009-07-23
|y BK
|x No price found in the accession register.
|